Tour de France stage winners 2005-15 - Statistics

General Stats
  • This quiz has been taken 770 times
  • The average score is 141 of 226
Answer Stats
Hint Answer % Correct
2012 Stage 7 Hilly Great Britain Chris Froome
97%
2013 Stage 8 Mountains Great Britain Chris Froome
97%
2013 Stage 15 Mountains Great Britain Chris Froome
97%
2013 Stage 17 Time trial Great Britain Chris Froome
97%
2015 Stage 10 Mountains Great Britain Chris Froome
97%
2008 Stage 5 Plain Great Britain Mark Cavendish
96%
2008 Stage 8 Plain Great Britain Mark Cavendish
96%
2008 Stage 12 Plain Great Britain Mark Cavendish
96%
2008 Stage 13 Plain Great Britain Mark Cavendish
96%
2009 Stage 2 Plain Great Britain Mark Cavendish
96%
2009 Stage 3 Plain Great Britain Mark Cavendish
96%
2009 Stage 10 Plain Great Britain Mark Cavendish
96%
2009 Stage 11 Plain Great Britain Mark Cavendish
96%
2009 Stage 19 Plain Great Britain Mark Cavendish
96%
2009 Stage 21 Plain Great Britain Mark Cavendish
96%
2010 Stage 5 Plain Great Britain Mark Cavendish
96%
2010 Stage 6 Plain Great Britain Mark Cavendish
96%
2010 Stage 11 Plain Great Britain Mark Cavendish
96%
2010 Stage 18 Plain Great Britain Mark Cavendish
96%
2010 Stage 20 Plain Great Britain Mark Cavendish
96%
2011 Stage 5 Plain Great Britain Mark Cavendish
96%
2011 Stage 7 Plain Great Britain Mark Cavendish
96%
2011 Stage 11 Plain Great Britain Mark Cavendish
96%
2011 Stage 15 Plain Great Britain Mark Cavendish
96%
2011 Stage 21 Plain Great Britain Mark Cavendish
96%
2012 Stage 2 Plain Great Britain Mark Cavendish
96%
2012 Stage 18 Plain Great Britain Mark Cavendish
96%
2012 Stage 20 Plain Great Britain Mark Cavendish
96%
2013 Stage 5 Plain Great Britain Mark Cavendish
96%
2013 Stage 13 Plain Great Britain Mark Cavendish
96%
2015 Stage 7 Plain Great Britain Mark Cavendish
96%
2007 Stage 14 Mountains Spain Alberto Contador
91%
2009 Stage 15 Mountains Spain Alberto Contador
91%
2009 Stage 18 Time trial Spain Alberto Contador
91%
2012 Stage 1 Plain Slovakia Peter Sagan
91%
2012 Stage 3 Hilly Slovakia Peter Sagan
91%
2012 Stage 6 Plain Slovakia Peter Sagan
91%
2013 Stage 7 Plain Slovakia Peter Sagan
91%
2012 Stage 9 Time trial Great Britain Bradley Wiggins
90%
2012 Stage 19 Time trial Great Britain Bradley Wiggins
90%
2014 Stage 2 Hilly Italy Vincenzo Nibali
90%
2014 Stage 10 Mountains Italy Vincenzo Nibali
90%
2014 Stage 13 Mountains Italy Vincenzo Nibali
90%
2014 Stage 18 Mountains Italy Vincenzo Nibali
90%
2015 Stage 19 Mountains Italy Vincenzo Nibali
90%
2007 Prologue Time trial Switzerland Fabian Cancellara
87%
2007 Stage 3 Plain Switzerland Fabian Cancellara
87%
2008 Stage 20 Time trial Switzerland Fabian Cancellara
87%
2009 Stage 1 Time trial Switzerland Fabian Cancellara
87%
2010 Prologue Time trial Switzerland Fabian Cancellara
87%
2010 Stage 19 Time trial Switzerland Fabian Cancellara
87%
2012 Prologue Time trial Switzerland Fabian Cancellara
87%
2005 Stage 20 Time trial USA Lance Armstrong
87%
2011 Stage 10 Plain Germany André Greipel
86%
2012 Stage 4 Plain Germany André Greipel
86%
2012 Stage 5 Plain Germany André Greipel
86%
2012 Stage 13 Plain Germany André Greipel
86%
2013 Stage 6 Plain Germany André Greipel
86%
2014 Stage 6 Plain Germany André Greipel
86%
2015 Stage 2 Plain Germany André Greipel
86%
2015 Stage 5 Plain Germany André Greipel
86%
2015 Stage 15 Hilly Germany André Greipel
86%
2015 Stage 21 Plain Germany André Greipel
86%
2013 Stage 9 Mountains Ireland Daniel Martin
86%
2013 Stage 1 Plain Germany Marcel Kittel
86%
2013 Stage 10 Plain Germany Marcel Kittel
86%
2013 Stage 12 Plain Germany Marcel Kittel
86%
2013 Stage 21 Plain Germany Marcel Kittel
86%
2014 Stage 1 Plain Germany Marcel Kittel
86%
2014 Stage 3 Plain Germany Marcel Kittel
86%
2014 Stage 4 Plain Germany Marcel Kittel
86%
2014 Stage 21 Plain Germany Marcel Kittel
86%
2011 Stage 20 Time trial Germany Tony Martin
86%
2013 Stage 11 Time trial Germany Tony Martin
86%
2014 Stage 9 Hilly Germany Tony Martin
86%
2014 Stage 20 Time trial Germany Tony Martin
86%
2015 Stage 4 Plain Germany Tony Martin
86%
2007 Stage 13 Time trial Australia Cadel Evans
85%
2011 Stage 4 Plain Australia Cadel Evans
85%
2012 Stage 8 Hilly France Thibaut Pinot
83%
2015 Stage 20 Mountains France Thibaut Pinot
83%
2013 Stage 20 Mountains Colombia Nairo Quintana
81%
2015 Stage 18 Mountains France Romain Bardet
80%
2005 Stage 10 Mountains Spain Alejandro Valverde
79%
2008 Stage 1 Plain Spain Alejandro Valverde
79%
2008 Stage 6 Hilly Spain Alejandro Valverde
79%
2012 Stage 17 Mountains Spain Alejandro Valverde
79%
2005 Stage 11 Mountains Kazakhstan Alexander Vinokourov
79%
2010 Stage 13 Plain Kazakhstan Alexander Vinokourov
79%
2009 Stage 5 Plain France Thomas Voeckler
79%
2010 Stage 15 Mountains France Thomas Voeckler
79%
2012 Stage 10 Mountains France Thomas Voeckler
79%
2012 Stage 16 Mountains France Thomas Voeckler
79%
2005 Stage 21 Plain Kazakhstan Alexandre Vinokourov
78%
2006 Prologue Time trial Norway Thor Hushovd
76%
2006 Stage 20 Plain Norway Thor Hushovd
76%
2007 Stage 4 Plain Norway Thor Hushovd
76%
2008 Stage 2 Plain Norway Thor Hushovd
76%
2009 Stage 6 Plain Norway Thor Hushovd
76%
2010 Stage 3 Plain Norway Thor Hushovd
76%
2011 Stage 13 Mountains Norway Thor Hushovd
76%
2011 Stage 16 Hilly Norway Thor Hushovd
76%
2011 Stage 8 Hilly Portugal Rui Costa
75%
2013 Stage 16 Mountains Portugal Rui Costa
75%
2013 Stage 19 Mountains Portugal Rui Costa
75%
2005 Stage 2 Plain Belgium Tom Boonen
73%
2005 Stage 3 Plain Belgium Tom Boonen
73%
2007 Stage 6 Plain Belgium Tom Boonen
73%
2007 Stage 12 Hilly Belgium Tom Boonen
73%
2014 Stage 14 Mountains Poland Rafal Majka
72%
2014 Stage 17 Mountains Poland Rafal Majka
72%
2015 Stage 11 Mountains Poland Rafal Majka
72%
2011 Stage 6 Plain Norway Edvald Boasson Hagen
68%
2011 Stage 17 Mountains Norway Edvald Boasson Hagen
68%
2008 Stage 17 Mountains Spain Carlos Sastre
67%
2011 Stage 1 Plain Belgium Philippe Gilbert
67%
2014 Stage 12 Plain Norway Alexander Kristoff
65%
2014 Stage 15 Plain Norway Alexander Kristoff
65%
2010 Stage 8 Mountains Luxembourg Andy Schleck
65%
2010 Stage 17 Mountains Luxembourg Andy Schleck
65%
2011 Stage 18 Mountains Luxembourg Andy Schleck
65%
2011 Stage 19 Mountains France Pierre Rolland
65%
2012 Stage 11 Mountains France Pierre Rolland
65%
2006 Stage 15 Mountains Luxembourg Fränk Schleck
64%
2009 Stage 17 Mountains Luxembourg Fränk Schleck
64%
2015 Stage 3 Hilly Spain Joaquim Rodríguez
64%
2015 Stage 12 Mountains Spain Joaquim Rodríguez
64%
2010 Stage 12 Mountains Spain Jouquim Rodríguez
64%
2008 Stage 7 Hilly Spain Luis León Sánchez
61%
2009 Stage 8 Mountains Spain Luis León Sánchez
61%
2011 Stage 9 Hilly Spain Luis Léon Sánchez
61%
2012 Stage 14 Mountains Spain Luis Léon Sánchez
61%
2011 Stage 12 Mountains Spain Samuel Sánchez
61%
2005 Stage 5 Plain Australia Robbie McEwen
58%
2005 Stage 7 Plain Australia Robbie McEwen
58%
2005 Stage 13 Plain Australia Robbie McEwen
58%
2006 Stage 2 Plain Australia Robbie McEwen
58%
2006 Stage 4 Plain Australia Robbie McEwen
58%
2006 Stage 6 Plain Australia Robbie McEwen
58%
2007 Stage 1 Plain Australia Robbie McEwen
58%
2010 Stage 1 Plain Italy Alessandro Petacchi
56%
2010 Stage 4 Plain Italy Alessandro Petacchi
56%
2006 Stage 11 Mountains Russia Denis Menchov
56%
2005 Stage 9 Hilly Denmark Michael Rasmussen
54%
2006 Stage 16 Mountains Denmark Michael Rasmussen
54%
2007 Stage 8 Mountains Denmark Michael Rasmussen
54%
2007 Stage 16 Mountains Denmark Michael Rasmussen
54%
2008 Stage 19 Plain France Sylvain Chavanel
53%
2010 Stage 2 Plain France Sylvain Chavanel
53%
2010 Stage 7 Hilly France Sylvain Chavanel
53%
2015 Stage 1 Prologue Australia Rohan Dennis
49%
2005 Stage 16 Mountains Spain Oscar Pereiro Sio
48%
2008 Stage 15 Mountains Australia Simon Gerrans
48%
2013 Stage 3 Hilly Australia Simon Gerrans
48%
2007 Stage 15 Mountains Luxembourg Kim Kirchen
46%
2008 Stage 4 Time trial Luxembourg Kim Kirchen
46%
2006 Stage 17 Mountains USA Floyd Landis
45%
2006 Stage 5 Plain Spain Óscar Freire
42%
2006 Stage 9 Plain Spain Óscar Freire
42%
2008 Stage 14 Plain Spain Óscar Freire
42%
2015 Stage 14 Hilly Great Britain Steve Cummings
42%
2014 Stage 19 Plain Lithuania Ramünas Navardauskas
41%
2015 Stage 6 Plain Czech Republic Zdenek Stybar
40%
2007 Stage 19 Time trial USA Levi Leipheimer
38%
2014 Stage 16 Mountains Australia Michael Rogers
38%
2008 Stage 3 Plain France Samuel Dumoulin
38%
2012 Stage 12 Hilly Great Britain David Millar
35%
2005 Stage 1 Time trial USA David Zabriskie
35%
2014 Stage 5 Plain Netherlands Lars Boom
35%
2010 Stage 14 Mountains France Christophe Riblon
34%
2013 Stage 18 Mountains France Christophe Riblon
34%
2005 Stage 15 Mountains USA George Hincapie
34%
2015 Stage 17 Mountains Germany Simon Geschke
34%
2014 Stage 11 Hilly France Tony Gallopin
34%
2006 Stage 13 Plain Germany Jens Voigt
33%
2006 Stage 12 Hilly Ukraine Yaroslav Popovych
33%
2013 Stage 14 Hilly Italy Matteo Trentin
31%
2014 Stage 7 Plain Italy Matteo Trentin
31%
2006 Stage 14 Hilly France Pierrick Fédrigo
31%
2009 Stage 9 Mountains France Pierrick Fédrigo
31%
2010 Stage 16 Mountains France Pierrick Fédrigo
31%
2012 Stage 15 Plain France Pierrick Fédrigo
31%
2007 Stage 18 Plain France Sandy Casar
31%
2009 Stage 16 Mountains France Sandy Casar
31%
2010 Stage 9 Mountains France Sandy Casar
31%
2011 Stage 3 Plain USA Tyler Farrar
31%
2013 Stage 2 Hilly Belgium Jan Bakelants
29%
2011 Stage 14 Mountains Belgium Jelle Vanendert
29%
2009 Stage 12 Plain Denmark Nicki Sørensen
29%
2007 Stage 9 Mountains Colombia Mauricio Soler
27%
2005 Stage 12 Hilly France David Moncoutié
26%
2007 Stage 11 Plain South Africa Robert Hunter
26%
2014 Stage 8 Hilly France Biel Kadri
25%
2015 Stage 8 Hilly France Alexis Vuillermoz
24%
2009 Stage 7 Mountains France Brice Feillu
24%
2008 Stage 16 Mountains France Cyril Dessel
23%
2007 Stage 17 Hilly Italy Daniele Bennati
23%
2007 Stage 20 Plain Italy Daniele Bennati
23%
2006 Stage 7 Time trial Ukraine Serhiy Honchar
23%
2006 Stage 19 Time trial Ukraine Serhiy Honchar
23%
2007 Stage 2 Plain Belgium Gert Steegmans
22%
2008 Stage 21 Plain Belgium Gert Steegmans
22%
2006 Stage 1 Plain France Jimmy Casper
22%
2007 Stage 7 Mountains Germany Linus Gerdemann
22%
2015 Stage 13 Hilly Belgium Greg Van Avermaet
19%
2008 Stage 11 Hilly Norway Kurt Asle Arvesen
19%
2010 Stage 10 Hilly Portugal Sérgio Paulinho
18%
2009 Stage 13 Hilly Germany Heinrich Haussler
17%
2005 Stage 8 Hilly Netherlands Pieter Weening
17%
2007 Stage 5 Hilly Italy Filippo Pozzato
16%
2009 Stage 20 Mountains Spain Juan Manuel Gárate
16%
2005 Stage 14 Mountains Austria Georg Totschnig
14%
2009 Stage 14 Plain Russia Sergei Ivanov
14%
2008 Stage 9 Mountains Russia Vladimir Efimkin
14%
2008 Stage 10 Mountains Spain Juan José Cobo
11%
2005 Stage 17 Plain Italy Paolo Savoldelli
11%
2006 Stage 10 Mountains Spain Juan Miguel Mercado
10%
2006 Stage 8 Plain France Sylvain Calzati
10%
2007 Stage 10 Plain France Cédric Vasseur
9%
2008 Stage 18 Hilly Germany Marcus Burghardt
9%
2006 Stage 3 Hilly Germany Matthias Kessler
9%
2005 Stage 6 Plain Italy Lorenzo Bernucci
8%
2006 Stage 18 Plain Italy Matteo Tosatto
8%
2015 Stage 16 Hilly Spain Rubén Plaza Molina
8%
2005 Stage 19 Hilly Italy Giuseppe Guerini
7%
2005 Stage 18 Hilly Spain Marcos Antonio Serrano
5%
No matching quizzes found
Score Distribution
Percent of People with Each Score
Percentile by Number Answered
Your Score History
You have not taken this quiz